00460nam a2200157Ia 450000500170000000800410001708200130005810000130007124500280008426000370011230000170014965000160016694200060018295200990018899900150028720250323160742.0240331s9999 xx 000 0 und d bMATa894 aMathumai 0aThoorathu kodai iddikal aColombobMeera Pathippakamc2005 aXiv, 98 p ., aShort Story cL 001040708LaWERCLbWERCLcSSCd2024-03-31l0o 891.811 MATp1911r2024-03-31w2024-03-31yL c4672d4672